Ειδική διδακτική : πάντων των εις τα δημοτικά σχολεία διδασκομένων μαθημάτων κατά τας θεμελιώδεις αρχάς του σχολείου εργασίας
Saved in:
| Main Author: | |
|---|---|
| Format: | Book |
| Language: | Greek |
| Published: |
Αθήναι :
[χ.ο.],
1940
|
| Edition: | 3η έκδ., επαυξ. και βελτ. |
| Subjects: | |
| Tags: |
Add Tag
No Tags, Be the first to tag this record!
|
MARC
| LEADER | 00000cam a2200000 i 4500 | ||
|---|---|---|---|
| 001 | 1/90093 | ||
| 008 | 080628s1940 gre d | ||
| 035 | |l 10098544 | ||
| 040 | |a GR-MY-UA |b gre |e aacr | ||
| 041 | 0 | |a gre | |
| 082 | 0 | |a 372.011 |2 (22) | |
| 100 | 1 | |a Τσιρίμπας, Βασίλειος Α. | |
| 245 | 1 | 0 | |a Ειδική διδακτική : |b πάντων των εις τα δημοτικά σχολεία διδασκομένων μαθημάτων κατά τας θεμελιώδεις αρχάς του σχολείου εργασίας / |c Βασιλείου Ανδρ. Τσιρίμπα |
| 250 | |a 3η έκδ., επαυξ. και βελτ. | ||
| 260 | |a Αθήναι : |b [χ.ο.], |c 1940 | ||
| 300 | |a 242 σ.; |c 25 εκ. | ||
| 504 | |a Βιβλιογραφία: σ. [241]-242 | ||
| 650 | 0 | 0 | |a Teaching. |
| 650 | 0 | 0 | |a Education, Elementary |x Curricula. |
| 650 | 0 | 0 | |a Effective teaching. |
| 650 | 0 | 0 | |a Teaching |x Methods. |
| 852 | |a INST |b RHODES |c AKA |e 20080628 |h 372.011 ΤΣΙ |p 005400027859 |q 005400027859 |t BK |y 0 | ||
| 901 | |a BIBL4-2008-1 | ||
| 909 | |a Ρ |b 150679 | ||
| 970 | |a ΚΟΖΑ |b ΜΑΡΙΑ |z 2008/06/28 | ||